书目信息 |
| 题名: |
大学英语翻转课堂教学模式建构与应用研究
|
|
| 作者: | 王晓春 著 | |
| 分册: | ||
| 出版信息: | 北京 中国书籍出版社 2025.01 |
|
| 页数: | 215页 | |
| 开本: | 24cm | |
| 丛书名: | ||
| 单 册: | ||
| 中图分类: | H319.3 | |
| 科图分类: | ||
| 主题词: | 英语--课堂教学--教学研究--高等学校 | |
| 电子资源: | ||
| ISBN: | 978-7-5068-9929-1 | |
| 000 | 00868nam0 2200229 450 | |
| 001 | 013494788 | |
| 005 | 20250924180504.38 | |
| 010 | @a978-7-5068-9929-1@dCNY89.00 | |
| 100 | @a20250314d2025 em y0chiy0120 ea | |
| 101 | 0 | @achi |
| 102 | @aCN@b110000 | |
| 105 | @ay z 000yy | |
| 106 | @ar | |
| 200 | 1 | @a大学英语翻转课堂教学模式建构与应用研究@9da xue ying yu fan zhuan ke tang jiao xue mo shi jian gou yu ying yong yan jiu@f王晓春著 |
| 210 | @a北京@c中国书籍出版社@d2025.01 | |
| 215 | @a215页@d24cm | |
| 330 | @a本书共9章,内容包括:大学英语教学概述、翻转课堂教学概述、翻转课堂在大学英语词汇与语法教学中的建构与应用、翻转课堂在大学英语听说与读写教学中的建构与应用等。 | |
| 606 | 0 | @a英语@x课堂教学@x教学研究@x高等学校 |
| 690 | @aH319.3@v5 | |
| 701 | 0 | @a王晓春@9wang xiao chun@4著 |
| 801 | 0 | @aCN@c20250910 |
| 905 | @a河南城建学院图书馆@dH319.3@eW380@ZW380@f1 | |
| 大学英语翻转课堂教学模式建构与应用研究/王晓春著.-北京:中国书籍出版社,2025.01 |
| 215页;24cm |
| ISBN 978-7-5068-9929-1:CNY89.00 |
| 本书共9章,内容包括:大学英语教学概述、翻转课堂教学概述、翻转课堂在大学英语词汇与语法教学中的建构与应用、翻转课堂在大学英语听说与读写教学中的建构与应用等。 |
| ● |
| 相关链接 |
|
|
|
正题名:大学英语翻转课堂教学模式建构与应用研究
索取号:H319.3/W380
 
预约/预借
| 序号 | 登录号 | 条形码 | 馆藏地/架位号 | 状态 | 备注 |
| 1 | 1635224 | 216352248 | 语言库209/209语言库 42排5列5层/ [索取号:H319.3/W380] | 在馆 |